00701cam a22001933a 450000100060000000300060000600500170001200800410002904000150007004200070008510000180009224502280011026000290033850600300036751600200039770000190041783000290043685600420046539777PGUSA20140828083903.0120524s2012||||xxu|||||s|||||000 | eng d aPGUSAbeng adc1 aBenton, Frank10aCowboy Life on the Sidetrack :bBeing an Extremely Humorous and Sarcastic Story of the Trials & Tribulations Endured by a Party of Stockmen Making a Shipment from the West to the East.h[electronic resource] /cFrank Benton bProject Gutenberg,c2012 aPublic domain in the USA. aElectronic text1 aFilleau, E. A. 0aProject Gutenbergv3977740uhttp://www.gutenberg.org/ebooks/39777